000 00482nam a2200181Ia 4500
001 13327
005 20260306164753.0
008 260306t2010||||xx |||||||||||||| ||spa||
041 _aESP
082 _a001.42
_bS19
100 _aSamaja. Juan
_eAUT
245 0 _aEpistemología y metodología:
_bElementos para una teoría de la investigación científica
260 _c2010
300 _a414 páginas :
_c23 cm.
650 _aGEN
654 _aCHU
942 _cLIB
_dJUS
_fJUS
_2ddc
_n
999 _c13327
_d13327